Panduan mendisiplinkan kanak-kanak

Bibliographic Details
Main Author: Hasan Mahaseng
Format: Book
Published: Selangor : Laris Resources Sdn.Bhd , 2007
Series:Siri bimbingan motivasi dan kaunseling
Subjects:

MARC

LEADER 00000cam a2200000 7i4500
001 0000007691
005 20070905.0
008 070905
020 |a 9833671179 
090 0 0 |a 371.4   |b HAS 
100 1 |a Hasan Mahaseng 
245 1 0 |a Panduan mendisiplinkan kanak-kanak   |c Hasan Mahaseng 
260 |a Selangor :   |b Laris Resources Sdn.Bhd ,   |c 2007 
440 |a Siri bimbingan motivasi dan kaunseling 
650 0 |a Education   |x Study and teaching 
999 |a 0000990159   |b Book   |c Adult Collection   |e Perbadanan Perpustakaan Awam Johor 
999 |a 0000990160   |b Book   |c Adult Collection   |e Cawangan Taman Sri Lambak 
999 |a 0000990161   |b Book   |c Adult Collection   |e Perbadanan Perpustakaan Awam Johor 
999 |a 0001165584   |b Book   |c Adult Collection   |e Cawangan Kota Tinggi 
999 |a 0001165585   |b Book   |c Adult Collection   |e Cawangan Bandar Tenggara 
999 |a 0001165586   |b Book   |c Adult Collection   |e Cawangan Bukit Gambir 
999 |a 0001165587   |b Book   |c Adult Collection   |e Cawangan Mersing 
999 |a 0001165588   |b Book   |c Adult Collection   |e Cawangan Muar 
999 |a 0001165589   |b Book   |c Adult Collection   |e Cawangan Bandar Penawar 
999 |a 0001165590   |b Book   |c Adult Collection   |e Cawangan Tangkak 
999 |a 0001165593   |b Book   |c Adult Collection   |e Cawangan Segamat 
999 |a 0001165594   |b Book   |c Adult Collection   |e Cawangan Pontian 
999 |a 0001165596   |b Book   |c Adult Collection   |e Cawangan Tmn. Ungku Tun Aminah